00754nam a22002177a 4500010001300000020001400013035001300027037001800040040001200058082001700070245006600087260006200153270004400215300003100259650003400290650001100324700001700335942002600352999001900378952013900397 aA-872518 a818563629 aA-872518 bCen Lib / Ret aDPLbEN a181.421bNYA aNyayakusumanjali of udayanacarya /ctranslated by N. D. David aNew DelhibIndian Council of Philosophical Researchc1996 a54 Rani Jhanshi RoadbNew Delhie110055 a(v 1. xii, 500p)b27cm(Hb) aNyaya -- Early works to 1800. aNyaya. aDavid, N. S. 2ddccENh181.421mNYA c136631d136631 04103v 14070aLbLd2016-03-05eCen Lib/Retl0o181.421 NYApA-872518r2016-03-05 00:00:00t1w2016-03-05yENzW/d list no. 6805/22